LIBRARY & INFORMATION CENTRE, KCAET, TAVANUR

ONLINE PUBLIC ACCESS CATALOGUE (OPAC)

Reservoir operation planning and cropping pattern optimization for Chamravattom regulator - cum bridge (Record no. 15190)

MARC details
000 -LEADER
fixed length control field 00842nam a22002057a 4500
003 - CONTROL NUMBER IDENTIFIER
control field OSt
088 ## - REPORT NUMBER
Report number P 180
100 ## - MAIN ENTRY--AUTHOR NAME
Personal name GULJA S. NAIR
245 ## - TITLE STATEMENT
Title Reservoir operation planning and cropping pattern optimization for Chamravattom regulator - cum bridge
260 ## - PUBLICATION, DISTRIBUTION, ETC. (IMPRINT)
Place of publication Tavanur 2008
Name of publisher Kelappaji College of Agricultural Engineering and Technology
300 ## - PHYSICAL DESCRIPTION
Number of Pages 86
500 ## - GENERAL NOTE
General note Reservoir operation planning and cropping pattern optimization for Chamravattom regulator - cum bridge
520 ## - SUMMARY, ETC.
Summary, etc Reservoir operation planning and cropping pattern optimization for Chamravattom regulator - cum bridge
700 ## - ADDED ENTRY--PERSONAL NAME
Personal name Neenu Peter
700 ## - ADDED ENTRY--PERSONAL NAME
Personal name Prajitha M
700 ## - ADDED ENTRY--PERSONAL NAME
Personal name Er. Rema K. P (Guide)
856 ## - ELECTRONIC LOCATION AND ACCESS
Uniform Resource Identifier https://drive.google.com/open?id=1P648dX35Mqx2CCicAaCTC-AtL6eyVPaT
942 ## - ADDED ENTRY ELEMENTS (KOHA)
Koha item type Project Report
Holdings
Collection code Home library Current library Shelving location Full call number Accession Number Koha item type
Reference KAUAET KAUAET Reference 631.75807 GUL/RE P 180 Project Report
free website counter